000 00459pab a2200169 454500
008 180718b2004 xxu||||| |||| 00| 0 eng d
100 _aChikulo, B.C.
245 _aLocal governance and poverty alleviation in South Africa
260 _c2004
300 _ap.129-46.
362 _aSpring
650 _aLocal government - South Africa
650 _aPoverty - South Africa
650 _aPoverty
773 _aRegional Development Dialogue
909 _a63471
999 _c63471
_d63471